| 000 | 00595nam a2200205Ia 4500 | ||
|---|---|---|---|
| 008 | 180523s9999 xx 000 0 und d | ||
| 020 | _a1-57851-874-1 | ||
| 050 | _aMAIN HD 58.8 | ||
| 050 | _b.M36 2003 | ||
| 245 | 0 | _aManaging change and transition / | |
| 260 | _aBoston, MA : | ||
| 260 | _bHarvard Business School Press, | ||
| 260 | _c2003 | ||
| 300 | _a138 pages : | ||
| 300 | _c23 cm. | ||
| 440 | _aHarvard Business Essential Series | ||
| 500 | _aIncludes bibliographic references and index. | ||
| 650 | _aOrganizational change. | ||
| 650 | _xOrganizational change -- Management. | ||
| 999 |
_c356927 _d356927 |
||